A Thirsty Planet /

Mapa doble, uno de ellos centrado en las crisis de abastecimiento de agua que se están produciendo en el planeta y, el otro, en torno a diversos problemas ambientales (desertización, contaminación del aire, agotamiento de los recursos energéticos, etc.)

Збережено в:
Бібліографічні деталі
Автор: Carroll, Allen (ed.)
Інші автори: Allen, William L. (edición) (edición)
Формат: Карта
Опубліковано: Washington, EUA : National Geographic Society, 2002, c2002
Предмети:
Теги: Додати тег
Немає тегів, Будьте першим, хто поставить тег для цього запису!

MARC

LEADER 00000nem^a2200000^a^4500
001 000156674
005 20250521000000.0
009 20260310100511.606
037 |a Acervo ITESO - Biblioteca 
041 |a GRA 
082 |a 628. 0223  |b CAR 
100 |a Carroll, Allen  |e (ed.) 
245 1 2 |a A Thirsty Planet /  |c Ed. de A. Carroll, W.L. Allen. 
255 |a Escalas varias 
264 4 |a Washington, EUA :  |b National Geographic Society,  |c 2002, c2002 
300 |a 1 mapa 
336 |a imagen cartográfica estática  |b cri  |2 rdacontenido 
337 |a sin mediación  |b n  |2 rdamedio 
338 |a mapa  |b nz  |2 rdasoporte 
520 |a Mapa doble, uno de ellos centrado en las crisis de abastecimiento de agua que se están produciendo en el planeta y, el otro, en torno a diversos problemas ambientales (desertización, contaminación del aire, agotamiento de los recursos energéticos, etc.) 
546 |a Edición gráfica con texto en inglés 
649 |a XX 
650 |a Agua -  |x Abastecimiento -  |x Mapas 
650 |a Agua -  |x Contaminación -  |x Mapas 
650 |a Desertización -  |x Mapas 
650 |a Contaminación Ambiental -  |x Mapas 
650 |a Recursos Energéticos -  |x Mapas 
650 |a Recursos Naturales -  |x Mapas 
650 |a Desarrollo Sustentable -  |x Mapas 
650 |a Economía -  |x Mapas 
650 |a Ecología -  |x Mapas 
650 |a Ingeniería Ambiental -  |x Mapas 
650 |a Cartografía 
740 2 |a A World Transformed /  |c Ed. de A. Carroll, W.L. Allen. 
700 |a Allen, William L.  |e (edición) 
910 |a Fondo General 
920 |a Gráficos - Mapas 
905 |a 503 
901 |a 0500047631  |b IT2  |c MAP  |u 20250521 
902 |a https://opac.biblio.iteso.mx/vufind/Record/000156674